000
00324nam a2200133Ia 4500
003
OSt
005
20240212101837.0
008
170524s9999 xx 000 0 und d
020
_a
9781259026713
040
_c
IIMT UNIVERSITY MEERUT
100
_a
O BRIEN - JAMES-A
245
0
_a
MANAGEMENT INFORMATION SYSTEM
942
_2
ddc
_c
02
999
_c
4377
_d
4377